000 00434nam a2200157Ia 4500
008 090124s9999 xx 000 0 und d
082 _b24555
_a2551
245 _a प्रियदर्शिनी
250 _a1
260 _c1984
300 _a127
630 _a प्रियदर्शिनी
700 _aदीक्षित शं. ना.
730 _a प्रियदर्शिनी
942 _cBOOK
999 _c138111
_d138111